000 01105nam a22002777a 4500
001 745
005 20230926135830.0
020 _a9781408303788 (pbk.)
020 _a1408303787 (pbk.)
040 _aUKM
_beng
_cUKM
_dBTCA
_dSINLB
_dYDXCP
_dOCLCQ
_dOCLCO
_dDLC
050 0 0 _aMLCS 2012/42649 (P)
082 0 4 _a823.92
_222
100 1 _aBlade, Adam.
245 1 0 _aRashouk the Cave Troll /
_cby Adam Blade.
250 _aFirst printing, October 2011
260 _aNew York :
_bScholastic,
_c2009.
300 _a78 pages :
_billustrations ;
_c20 cm.
490 0 _aBeast quest. The Amulet of Avantia ;
_vBook 21
505 _aS
520 _a"Lurking in the Dead Peaks is Rashouk the Cave Troll. The Ghost Beast smells out his victims' fear -- and turns them to stone. It will take all of Tom's courage to capture Rashouk's piece of the Amulet of Avantia, but failure means never seeing his father again..."--Back cover.
521 _a770
_bLexile
521 _aS
_bRaz-Plus
650 _aMysteries
_vGenre-adventure
906 _a7
_bcbc
_ccopycat
_d4
_encip
_f20
_gy-gencatlg
942 _2ddc
_cBK
_n0
999 _c745
_d745